The ideological origins of the British Empire
Αποθηκεύτηκε σε:
| Κύριος συγγραφέας: | |
|---|---|
| Μορφή: | Βιβλίο |
| Γλώσσα: | English |
| Δημοσίευση: |
Cambridge :
Cambridge University Press,
2000
|
| Σειρά: | Ideas in context ;
; 59 |
| Θέματα: | |
| Ετικέτες: |
Προσθήκη ετικέτας
Δεν υπάρχουν, Καταχωρήστε ετικέτα πρώτοι!
|
MARC
| LEADER | 00000nam a2200000 i 4500 | ||
|---|---|---|---|
| 001 | 1/89340 | ||
| 008 | 080620s2000 eng d | ||
| 020 | |a 978-0-521-78978-3 | ||
| 035 | |l 10098344 | ||
| 040 | |a GR-MY-UA |b gre |e aacr | ||
| 041 | 0 | |a eng | |
| 082 | 0 | |a 325.341 |2 (22) | |
| 100 | 1 | |a Armitage, David |d 1965- | |
| 245 | 1 | 4 | |a The ideological origins of the British Empire / |c David Armitage |
| 260 | |a Cambridge : |b Cambridge University Press, |c 2000 | ||
| 300 | |a XI, 239 Σ.; |c 24 εκ. | ||
| 490 | 1 | |a Ideas in context |v ; 59 | |
| 504 | |a Βιβλιογραφία: σ. 199-229 | ||
| 504 | |a Ευρετήριο: σ. 230-239 | ||
| 650 | 0 | 0 | |a Political science |z Great Britain |x History. |
| 651 | 0 | |a Great Britain |x Colonies |x History. | |
| 830 | 0 | |a Ideas in context ; |v ; 59 | |
| 852 | |a INST |b LESVOS |e 20080620 |h 325.341 ARM |p 005100041665 |q 005100041665 |t BK |y 0 | ||
| 901 | |a BIBL1-2008-2 | ||
| 909 | |a Λ |b 151662 | ||
| 922 | |a 1ΕΛΗ |b 200803 |c ΕΠΕΑΕΚ2/ΤΚΑ |d ΠΑΠΑΣΩΤΗΡΙΟΥ | ||
| 970 | |a ΚΑΡΑ |b ΓΙΑΣΕΜΗ |z 2008/06/20 | ||